1289 1795 1738 1155 1631 1402 1826 1092 1195 1584 1648 1976 1338 1213 1690 1021 1539 1014 1967 1805 1903 1816 1040 1455 1317 1488 1196 1760 1493 1928 1168 1162 1765 1985 1346 1328 1997 1978 1052 1274 1471 1334 1226 1203 1068 1902 1079 1944 1240 1576 1718 1835 1047 1753 1244 1469 1790 1383 1898 1734 1717 1201 1699 1640 1072 1525 1119 1505 1171 1266 1284 1130 1538 1089 1100 1400 1458 1613 1747 1096 1468 1610 1981 1754 1373 1566 1755 1732 1211 1728 1644 1128 1730 1259 1994 1295 1977 1048 1019 BCNSPRNW ULIB Ver.6.0+V

เปลี่ยนเป็นภาษาไทย

Change to English
 แสดงรายละเอียดบรรณานุกรม
  กลับหน้าหลัก

Brief Record : Get Marc (ISO 2709) : E-mail record : QR code < ปิดหน้าต่าง
LEADER : 00000nam 2200000uu 4500
001    13399127031
003     ULIB
008    020711s2561 th a 000 0 tha d
020    ^a9786163920379
060    ^aWS103^bก344ช
110 1  ^aกองบรรณาธิการสำนักพิมพ์โลกหนังสือ
245    ^aช้างกับมดแดง ชุดนิทานสุภาษิต 2 ภาษา (ไทย-อังก กฤษ) หนูอ่านเองได้
250    ^aพิมพ์ครั้งที่ 1
260    ^aกรุงเทพฯ :^bบริษัทสำนักพิมพ์โลกหนังสือ จำกัด,^c2561
300    ^a12 หน้า;^b21 ซม.
650    ^aเด็ก^xการเรียนการสอน
945    ^p50^l0^i006219
999    ^aประนอม เกษจรัล
รายการนี้ยังไม่มีแท็ก
คุณยังไม่ได้ล็อกอิน คุณสามารถมีกิจกรรมร่วมกับเว็บไซต์ได้ แต่ต้องล็อกอินก่อน ::
  ล็อกอิน

รายการสื่อสารสนเทศ

ลำดับที่ ประเภท เลขเรียก/บาร์โค้ด สถานที่ สถานะ
1. วิทยาศาสตร์การแพทย์ และสุขภาพ
วิทยาศาสตร์การแพทย์ และสุขภาพ
WS103 ก344ช ฉ.1 
  Barcode: 006219
ห้องสมุดวิทยาเขตสวรรค์ประชารักษ์
►หนังสือทั่วไป
บนชั้น

BibComment


ยังไม่เคยถูกคอมเมนท์

คอมเมนท์ทรัพยากรรายการนี้
  คอมเมนท์: ช้างกับมดแดง ชุด..


 Copyright 2026. Bcnsprnw @Library